Making Sense of Science: understanding the social study of science (Record no. 49753)

MARC details
000 -LEADER
fixed length control field 00618nam a2200157 a 4500
008 - FIXED-LENGTH DATA ELEMENTS--GENERAL INFORMATION
fixed length control field 130904s2005 ||||||||||||||||| || u
020 ## - INTERNATIONAL STANDARD BOOK NUMBER
International Standard Book Number 9780803986923
050 ## - LIBRARY OF CONGRESS CALL NUMBER
Classification number Q 175.5 Yea
100 ## - MAIN ENTRY--PERSONAL NAME
Personal name Yearley, Steven
245 10 - TITLE STATEMENT
Title Making Sense of Science: understanding the social study of science
Statement of responsibility, etc. by Steven Yearley
260 ## - PUBLICATION, DISTRIBUTION, ETC.
Place of publication, distribution, etc. London:
Name of publisher, distributor, etc. SAGE Publications
Date of publication, distribution, etc. 2005
300 ## - PHYSICAL DESCRIPTION
Extent xv, 205p.
500 ## - GENERAL NOTE
General note BIBLIOGRAPHICAL REFERENCES
650 ## - SUBJECT ADDED ENTRY--TOPICAL TERM
Topical term or geographic name entry element SCIENCE--SOCIAL ASPECTS
995 ## - RECOMMENDATION 995 [LOCAL, UNIMARC FRANCE]
-- CBU-MAIN LIBRARY (Kitwe)
-- 1
-- AVAILABLE
-- Sep 5, 2013
-- Main Library Open Access Collection
Holdings
Withdrawn status Lost status Source of classification or shelving scheme Damaged status Not for loan Home library Current library Shelving location Date acquired Total Checkouts Full call number Barcode Date last seen Price effective from Koha item type
          CBU-MAIN LIBRARY, KITWE. CBU-MAIN LIBRARY, KITWE.   11/30/2022   Q 175.5 Yea 744380 11/30/2022 11/30/2022 MONOGRAPH